| 000 | 00559nam a2200181 a 4500 | ||
|---|---|---|---|
| 001 | 000012979 | ||
| 005 | 20200929163119.0 | ||
| 008 | 091118s1972 ve 001 f spa d | ||
| 040 |
_aDO-SdBNP _bspa _cBNPHU |
||
| 082 |
_aC863.44 _bR934t |
||
| 100 | 1 |
_aRuiz Gómez, Dario, _d1936- _929926 |
|
| 245 | 1 | 3 |
_aLa ternura que tengo para vos / _cDario Ruiz Gómez. |
| 260 |
_aCaracas, (Venezuela) : _bMonte Ávila :, _c1972. |
||
| 300 |
_a223, [2] ; _c18 cm. |
||
| 650 | 4 |
_aNovela colombiana _91243 |
|
| 650 | 4 |
_aLiteratura colombiana _ySIGLO XX _914409 |
|
| 049 | _aBNGR | ||
| 999 |
_c12626 _d12626 |
||